| 000 | 00486nam a22001817a 4500 | ||
|---|---|---|---|
| 005 | 20230428094351.0 | ||
| 008 | 230428b ||||| |||| 00| 0 eng d | ||
| 040 | _cAL | ||
| 041 | _aEnglish | ||
| 082 |
_223 _a531/162 _bRAOT |
||
| 100 |
_aM A Ramachandra Rao _994504 |
||
| 245 | _aTextbook of Preuniversity Physics | ||
| 260 |
_aMysore _bGeetha Book House _c1984 |
||
| 440 |
_aVol I _994505 |
||
| 650 |
_aPhysics _994506 |
||
| 700 |
_aRAO (Ramachandra M A) _994507 |
||
| 942 |
_2ddc _cSG |
||
| 999 |
_c227279 _d227279 |
||